000 00321nam a22001337a 4500
008 171020b xxu||||| |||| 00| 0 eng d
020 _a0838561233
041 _aeng
080 _24TH
_a338
100 _a54
101 _aMEN
245 _aMANAGEMENT PRACTICES FOR THE HEALTH PROFESSIONAL
_cLONGEST,B.B
942 _2udc
_cBK
999 _c35051
_d35051